00344 2200145 4500245004000000020001800040250001000058100001500068650001700083005001900100260004300119041001400162084001300176336000900189 aOne Piece Vol. 47cOda IchirohText a9789792717228 acet 1 aOda Ichiro aKomik Jepang a20240903092810 aJakartabPT Elex Media Komputidoc2008 aIndonesia a741.5592 atext